000 00370nam a2200133 a 4500
005 20141022141959.0
008 120229s19uu xx 00 eng d
050 _aCD-ROM
_bB23 2004
100 _aBaran, Stanley
245 _aIntroduction to mass cmmunication :
_bmedia literacy and culture /
_cStanley J. Baran.
250 _a3rd ed.
260 _c2004.
942 _cAVM
999 _c276179
_d276179